Geography Quiz

Random Geography or State Quiz
Score 0/30 Timer 07:00
0 Plays Today
% Correct
UNTIED
90.9%
ABRA
90.3%
KALE
88.6%
AMINE
87.6%
PAINS
87.6%
STEAMIER
86.3%
LINE
83.9%
SLAP
79.9%
MAIL
77.9%
LAITY
77.2%
HAUT
76.8%
QUOIT
76.1%
COGON
74.4%
CANOE
74.2%
SEXES
71.9%
% Correct
MALES
65.9%
DEANS
64.3%
ATWAIN
64.2%
RAUL
61.4%
DROVE
60.5%
REIGN
58.9%
PLAZA
56.2%
DAIMONIC
53%
MASTER
51.5%
TANGO
49.3%
BRAISE
44.4%
NOMINATES
43.8%
DOVEN
43.3%
STORED
34.9%
DOMAINS
32.5%
Remove Ads.
Support Sporcle.
Get the best of Sporcle when you Go Orange. This ad-free experience offers more features, more stats, and more fun while also helping to support Sporcle. Thank you for becoming a member.

You're not logged in!

Compare scores with friends on all Sporcle quizzes.
OR
Log In

Show Comments

Extras

Top Quizzes Today


Score Distribution

Your Account Isn't Verified!

In order to create a playlist on Sporcle, you need to verify the email address you used during registration. Go to your Sporcle Settings to finish the process.

Report this User

Report this user for behavior that violates our Community Guidelines.

Details: